000 00667nam a2200277Ia 4500
001 21086
005 20240114000543.0
007 ta
008 060301s1941 a g b000 u 465 u
020 _cHB
040 _aCotton College Assam
041 _a465
082 _a534
_bW 85 T
100 _aWood, A.B. .
245 0 _aA Text Book of Sound /
_cA.B.Wood.
_hTextual Documents
250 _a2nd ed. /
260 _aLondon :
_bG Bell & Sons ,
_c1941.
300 _a563p. :
_bill ;
_c22cm .
653 _aSound
653 _aG-Physics
653 _aT/G-Physics
942 _2ddc
_cBK
999 _c21068
_d21068